[Event "CZE-chT1c 9495"]
[Site "Czech Republic"]
[Date "1995.??.??"]
[Round "9"]
[White "Krajina, Ales"]
[Black "Kacirek, Petr"]
[Result "0-1"]
[WhiteElo "2280"]
[BlackElo "2250"]
[PlyCount "128"]
[EventDate "1994.??.??"]
[Source "www.chesslib.no"]
[SourceDate "2004.05.04"]

1. e4 e6 2. f4 d5 3. e5 c5 4. b4 cxb4 5. d4 Nh6 6. Nf3 Be7 7. Bd3 Bd7 8. O-O Qb6 9. a3 Nc6 10. axb4 Nxd4 11. Be3 Nxf3+ 12. Qxf3 d4 13. Bf2 Qxb4 14. Na3 Bc6 15. Qh3 O-O 16. Nc4 Bd5 17. Rfb1 Qc5 18. Nd2 Rfd8 19. Ne4 Bxe4 20. Bxe4 Rab8 21. Rb3 Bf8 22. g4 g6 23. Kh1 Qc4 24. Qg2 a6 25. Rh3 Qe2 26. Rg1 Nxg4 27. Bh4 Qxg2+ 28. Rxg2 Ne3 29. Bxd8 Nxg2 30. Kxg2 Rxd8 31. Bxb7 a5 32. Bc6 Rb8 33. Rb3 Rc8 34. Rb6 Bc5 35. Ra6 Bb4 36. Kf3 Kg7 37. Be4 Rc3+ 38. Bd3 Ra3 39. Ke4 Ra1 40. Kxd4 Rh1 41. c3 Ba3 42. Rxa5 Bc1 43. Ra2 Bxf4 44. c4 Re1 45. Be4 Be3+ 46. Kd3 Bc5 47. Re2 Rxe2 48. Kxe2 Bd4 49. h3 Bxe5 50. c5 f5 51. Bd3 Kf6 52. Bc4 Bc7 53. Kf3 g5 54. Be2 e5 55. Ke3 Bb8 56. Kd3 Ke6 57. Bd1 e4+ 58. Kd4 Be5+ 59. Ke3 Bc3 60. c6 Ba5 61. Bb3+ Ke5 62. Bf7 f4+ 63. Ke2 f3+ 64. Kf1 e3 0-1

[Event "4. Gudmundur Arason"]
[Site "?"]
[Date "1998.12.21"]
[Round "8"]
[White "Hardarson Robert"]
[Black "Halldorsson Jon Arni"]
[Result "1-0"]
[WhiteElo "2325"]
[BlackElo "2200"]
[PlyCount "185"]
[EventDate "1998.??.??"]
[Source "www.chesslib.no"]
[SourceDate "2004.05.04"]

1. e4 e6 2. f4 d5 3. e5 c5 4. d4 Nc6 5. Nf3 cxd4 6. Bd3 Nh6 7. O-O Bc5 8. Nbd2 Ng4 9. Nb3 Bb6 10. Kh1 h5 11. Qe2 g6 12. Bd2 Ne3 13. Bxe3 dxe3 14. c3 Bd7 15. Nbd4 Ne7 16. Nb5 Bxb5 17. Bxb5+ Kf8 18. Rad1 Kg7 19. Bd3 Nc6 20. Bb1 Qe7 21. Nd4 Nxd4 22. cxd4 Rac8 23. Qxe3 Rc6 24. a3 Rhc8 25. Bd3 a6 26. Rf3 Qc7 27. Rff1 Qb8 28. g4 hxg4 29. Rg1 Qc7 30. Rxg4 Rc1 31. Rgg1 Rxd1 32. Rxd1 Qe7 33. f5 exf5 34. Bxf5 Rh8 35. Bg4 Rh4 36. Qg3 Qg5 37. h3 f5 38. exf6+ Qxf6 39. Kg2 Rh8 40. Qe5 Qxe5 41. dxe5 d4 42. Kf3 Rd8 43. Ke4 Kf7 44. Rf1+ Kg7 45. Kd3 Re8 46. e6 Re7 47. Kc4 Rc7+ 48. Kd5 Rc5+ 49. Ke4 Rc7 50. b4 a5 51. Rf3 axb4 52. axb4 Re7 53. Ke5 Bc7+ 54. Kxd4 Bd6 55. b5 b6 56. Kd5 Bc5 57. Rc3 Rc7 58. Rf3 Bb4 59. h4 Rc5+ 60. Kd4 Rxb5 61. Rf7+ Kg8 62. Be2 Rf5 63. Rb7 Kf8 64. Bd3 Rh5 65. Rf7+ Ke8 66. Bxg6 Rxh4+ 67. Ke5 Be7 68. Rf1+ Kd8 69. Rd1+ Kc8 70. Rd7 Bc5 71. Bf5 Rh5 72. Kf6 Rh6+ 73. Kg5 Rh2 74. e7 Bxe7+ 75. Rxe7+ Kb8 76. Be4 Rd2 77. Kf4 b5 78. Rb7+ Kc8 79. Rxb5 Rh2 80. Rb7 Re2 81. Rf7 Kd8 82. Rh7 Ke8 83. Kf5 Rf2+ 84. Ke6 Kf8 85. Bf5 Kg8 86. Rc7 Re2+ 87. Kf6 Re8 88. Be6+ Kh8 89. Bf7 Ra8 90. Rc3 Ra6+ 91. Be6 Ra7 92. Rc8+ Kh7 93. Bf5+ 1-0

[Event "Festival w-e"]
[Site "Dublin Festival w-e"]
[Date "1995.??.??"]
[Round "?"]
[White "Keogh, Eamon"]
[Black "Quinn, Mark"]
[Result "1-0"]
[WhiteElo "2175"]
[BlackElo "2340"]
[PlyCount "87"]
[EventDate "1995.??.??"]
[Source "www.chesslib.no"]
[SourceDate "2004.05.04"]

1. e4 e6 2. f4 d5 3. e5 c5 4. Nf3 Nc6 5. c3 Bd7 6. d3 h5 7. Be2 Nh6 8. O-O Nf5 9. Na3 Be7 10. Nc2 Qb6 11. Rb1 g6 12. Kh1 h4 13. Bd2 Rc8 14. Be1 a5 15. Bf2 Qc7 16. d4 b6 17. a4 Na7 18. Ba6 Rb8 19. Ne3 c4 20. Nxf5 gxf5 21. b3 cxb3 22. Qxb3 Qc6 23. Bb5 Nxb5 24. axb5 Qc4 25. Qxc4 dxc4 26. Nd2 Rc8 27. d5 Bc5 28. Nxc4 Bxf2 29. Nd6+ Kf8 30. dxe6 fxe6 31. Nxc8 Bc5 32. Nd6 Rh7 33. Rfd1 Be8 34. Nxe8 Kxe8 35. Rd3 Rc7 36. Rbd1 Be7 37. g3 h3 38. g4 fxg4 39. Rg1 a4 40. Rxg4 a3 41. Rxh3 Rc5 42. Rg8+ Kf7 43. Ra8 Rc7 44. Rxa3 1-0

[Event "Open"]
[Site "?"]
[Date "1998.12.24"]
[Round "5"]
[White "Erwich Frans A G M"]
[Black "Sedina Elena"]
[Result "1-0"]
[WhiteElo "2105"]
[BlackElo "2410"]
[PlyCount "91"]
[EventDate "1998.??.??"]
[Source "www.chesslib.no"]
[SourceDate "2004.05.04"]

1. e4 e6 2. f4 d5 3. e5 c5 4. Nf3 Nc6 5. c3 Nge7 6. Na3 Nf5 7. Nc2 Be7 8. d4 Qb6 9. Bd3 cxd4 10. cxd4 f6 11. O-O fxe5 12. Bxf5 exf5 13. fxe5 O-O 14. Kh1 h6 15. Nfe1 Be6 16. Nd3 g5 17. b4 f4 18. Nc5 Bf5 19. Bd2 Nd8 20. Ne1 Qb5 21. Nf3 b6 22. a4 Qe8 23. Nb3 Ne6 24. b5 Qh5 25. Rc1 g4 26. Ng1 Bd3 27. Rc6 Bxf1 28. Rxe6 f3 29. Qxf1 Bg5 30. Bxg5 hxg5 31. Rf6 Rxf6 32. exf6 g3 33. Nxf3 g4 34. Qe1 Rf8 35. Qxg3 Rxf6 36. h3 Rh6 37. Nh2 Rg6 38. Nxg4 Kh7 39. Qc7+ Kg8 40. Qd8+ Kg7 41. Qe7+ Kh8 42. Qf8+ Kh7 43. Nf6+ Rxf6 44. Qxf6 Qd1+ 45. Kh2 Qxb3 46. Qh4+ 1-0

[Event "Tapolca op"]
[Site "?"]
[Date "1997.??.??"]
[Round "7"]
[White "Nogrady Vilmos"]
[Black "Rosta Sandor"]
[Result "1-0"]
[WhiteElo "2300"]
[BlackElo "2210"]
[PlyCount "120"]
[EventDate "1997.??.??"]
[Source "www.chesslib.no"]
[SourceDate "2004.05.04"]

1. e4 e6 2. f4 d5 3. Nc3 Nf6 4. e5 Nfd7 5. Nf3 c5 6. g3 Nc6 7. Bg2 Rb8 8. O-O b5 9. Ne2 Qb6 10. d3 Be7 11. b3 O-O 12. Bb2 a5 13. g4 f6 14. exf6 Nxf6 15. h3 d4 16. Ng5 Nd5 17. Bc1 Qd8 18. Ng3 h6 19. N5e4 Bb7 20. g5 hxg5 21. fxg5 Rxf1+ 22. Nxf1 Ne5 23. Qe2 Ng6 24. Qg4 Bc8 25. Bd2 e5 26. Qf3 Ndf4 27. Bxf4 Nxf4 28. h4 Be6 29. Nfg3 Qd7 30. Nf2 Rf8 31. Qc6 Nxg2 32. Qxd7 Bxd7 33. Kxg2 Rf4 34. Rh1 c4 35. Nfe4 Bc6 36. Rf1 Rxf1 37. Kxf1 cxd3 38. cxd3 a4 39. Nd2 axb3 40. Nxb3 g6 41. Kf2 Kf7 42. Ke2 Bd5 43. Kf2 Bb4 44. Ke2 Be6 45. Ne4 Bg4+ 46. Kf2 Ke6 47. Nbc5+ Kf5 48. Na6 Bf8 49. Nc7 Bd1 50. Nxb5 Kg4 51. Nbd6 Kxh4 52. Nc4 Bg7 53. Nb6 Bf8 54. Nd7 Bg7 55. Ndc5 Bf8 56. a4 Bxc5 57. Nxc5 Kxg5 58. a5 e4 59. dxe4 d3 60. Ke3 Be2 1-0

[Event "VII Parsvnath Open"]
[Site "Nuova Delhi IND"]
[Date "2009.01.11"]
[Round "2"]
[White "Himanshu, Sh"]
[Black "Sandeep, C."]
[Result "1-0"]
[WhiteElo "2405"]
[BlackElo "2105"]
[PlyCount "57"]
[EventDate "2009.01.11"]
[Source "www.chesslib.no"]
[SourceDate "2004.05.04"]

1. e4 e6 2. f4 d5 3. e5 c5 4. Nf3 Nc6 5. c3 Qb6 6. Na3 Bd7 7. Nc2 Nh6 8. d3 Nf5 9. Rb1 Be7 10. Be2 f6 11. O-O O-O-O 12. Ne3 d4 13. exf6 Bxf6 14. Nxf5 exf5 15. c4 Rde8 16. Bd2 Re7 17. Ne1 Rhe8 18. Bf3 h6 19. b4 cxb4 20. a3 a5 21. axb4 Nxb4 22. c5 Qc7 23. Nc2 Bc6 24. Bxb4 axb4 25. Nxb4 Bxf3 26. Qxf3 Re3 27. Qd5 Qd7 28. Qa2 Kd8 29. Nd5 1-0

[Event "Corr"]
[Site "?"]
[Date "2002.08.24"]
[Round "?"]
[White "Krol Wladyslaw"]
[Black "Alvebring Martin"]
[Result "1-0"]
[WhiteElo "2248"]
[BlackElo "2255"]
[PlyCount "87"]
[EventDate "2002.??.??"]
[Source "www.chesslib.no"]
[SourceDate "2004.05.04"]

1. e4 e6 2. f4 c5 3. Nf3 d5 4. d3 Nc6 5. Nbd2 Nf6 6. c3 Be7 7. Be2 O-O 8. e5 Nd7 9. d4 f6 10. Qc2 cxd4 11. cxd4 fxe5 12. fxe5 Bb4 13. Kd1 Qb6 14. Qd3 Be7 15. h4 Nb4 16. Qc3 a5 17. a3 Nc6 18. g3 a4 19. Rf1 Ndb8 20. Rb1 Bd7 21. Ke1 Be8 22. b3 Bg6 23. Bd3 Bxd3 24. Qxd3 Nd7 25. bxa4 Qc7 26. Qb5 b6 27. Nb3 Na5 28. Rf2 Nc4 29. Kf1 Rf5 30. Ra1 Raf8 31. Kg2 Nb8 32. Bf4 Nxa3 33. Qd3 Nc6 34. Rc1 Qd7 35. Nbd2 Na5 36. Ng5 h6 37. g4 hxg5 38. gxf5 gxf4 39. f6 Bb4 40. Nf3 N5c4 41. Ng5 Ne3+ 42. Kh1 Nf5 43. Rg1 Nc4 44. Rxf4 1-0

[Event "Balaton Summer op"]
[Site "?"]
[Date "2002.06.24"]
[Round "4"]
[White "Pesztericz Laszlo"]
[Black "Dobos Jozsef"]
[Result "1/2-1/2"]
[WhiteElo "2178"]
[BlackElo "2312"]
[PlyCount "62"]
[EventDate "2002.??.??"]
[Source "www.chesslib.no"]
[SourceDate "2004.05.04"]

1. e4 e6 2. f4 d5 3. e5 c5 4. Nf3 Nc6 5. g3 Nge7 6. Bg2 Nf5 7. O-O Be7 8. Nc3 h5 9. d3 Bd7 10. Bh3 g6 11. Bd2 Qb6 12. Kh1 Ncd4 13. Nxd4 Nxd4 14. b3 Bc6 15. Ne2 Nf5 16. a4 d4+ 17. Kg1 Qd8 18. Bg2 Bxg2 19. Kxg2 Qd5+ 20. Rf3 h4 21. c4 Qc6 22. g4 h3+ 23. Kf2 Bh4+ 24. Ng3 Bxg3+ 25. hxg3 Nh6 26. g5 Ng4+ 27. Ke2 Nh2 28. Rf2 Ng4 29. Rf3 Nh2 30. Rf2 Ng4 31. Rf3 Nh2 1/2-1/2

[Event "Cassovia op"]
[Site "?"]
[Date "1997.??.??"]
[Round "?"]
[White "Pakosta Stanislav"]
[Black "Lembak Jurij"]
[Result "0-1"]
[WhiteElo "2190"]
[BlackElo "2285"]
[PlyCount "142"]
[EventDate "1997.??.??"]
[Source "www.chesslib.no"]
[SourceDate "2004.05.04"]

1. e4 e6 2. f4 d5 3. e5 c5 4. Nf3 Nc6 5. Be2 Nge7 6. d3 Nf5 7. c3 Be7 8. O-O d4 9. c4 O-O 10. Na3 f6 11. g4 Ne3 12. Bxe3 dxe3 13. Nc2 fxe5 14. fxe5 Qc7 15. Nxe3 Nxe5 16. Nd2 Bd7 17. Ne4 Rxf1+ 18. Qxf1 Ng6 19. Qe1 Bc6 20. Qg3 Qb6 21. Rb1 Bh4 22. Qd6 Bxe4 23. Qxb6 axb6 24. dxe4 Rxa2 25. Nd1 Bf6 26. Kf2 Bd4+ 27. Ke1 Nf4 28. Kd2 Kf7 29. Bf3 Ra4 30. Rc1 Be5 31. Rc2 Ke7 32. h4 h6 33. g5 hxg5 34. hxg5 Nh3 35. g6 Nf4 36. Ne3 Nxg6 37. Ng4 Ra1 38. Nxe5 Nxe5 39. Be2 Rg1 40. Rc3 Kd6 41. Rh3 Nc6 42. Rh8 Rg2 43. Ke3 Nd4 44. Bf1 Rxb2 45. Rg8 Rb3+ 46. Bd3 Nc6 47. Kd2 Rb2+ 48. Ke3 Rg2 49. Bf1 Rg1 50. Be2 Rg6 51. Kf4 Rf6+ 52. Ke3 Rf7 53. Bh5 Re7 54. Kf4 Ne5 55. Be2 Rf7+ 56. Ke3 g6 57. Rd8+ Ke7 58. Ra8 Kf6 59. Ra1 Rd7 60. Rf1+ Kg7 61. Kf4 Nc6 62. Rb1 e5+ 63. Kg5 Nd4 64. Bg4 Rd6 65. Ra1 Rf6 66. Rb1 b5 67. cxb5 Rb6 68. Rf1 Rd6 69. Ra1 Rb6 70. Ra8 Nxb5 71. Re8 Nd6 0-1

[Event "HUN Team Ch"]
[Site "HUN"]
[Date "1992.??.??"]
[Round "13"]
[White "Kovacs, Lajos D"]
[Black "Szakolczai, Peter"]
[Result "1-0"]
[WhiteElo "2220"]
[BlackElo "2250"]
[PlyCount "75"]
[EventDate "1992.??.??"]
[Source "www.chesslib.no"]
[SourceDate "2004.05.04"]

1. e4 e6 2. f4 d5 3. e5 c5 4. b4 Nc6 5. bxc5 Nxe5 6. d4 Nc6 7. Nf3 Nf6 8. c3 Bd7 9. Bd3 b6 10. cxb6 Qxb6 11. O-O Bd6 12. Kh1 O-O 13. Ne5 Na5 14. Na3 Qc7 15. Rf3 Nc4 16. Bxc4 dxc4 17. Naxc4 Rfc8 18. Nxd6 Qxd6 19. Nxd7 Qxd7 20. Qd3 Qd5 21. f5 Ne4 22. fxe6 fxe6 23. Bd2 e5 24. Re1 Nxd2 25. Qxd2 exd4 26. cxd4 Rc4 27. Rd1 Rd8 28. Rd3 Rdc8 29. Qb2 Kh8 30. Qb3 Qe4 31. Re3 Qg4 32. h3 Qd7 33. d5 h6 34. d6 R4c6 35. Re7 Qd8 36. Qf7 Qg8 37. d7 Qxf7 38. dxc8=Q+ 1-0